Statistics for Countries That End in DIA, VIA and LIA

Click here to take the quiz!

General Stats

  • This quiz has been taken 18,240 times
  • The average score is 4 of 7

Answer Stats

Answer% Correct
Latvia
75%
India
61%
Bolivia
60%
Somalia
60%
Australia
55%
Cambodia
55%
Mongolia
43%

Score Distribution

Percentile by Number Answered

Percent of People with Each Score

Your Score History

You have not taken this quiz